000 00946nam a2200229 a 4500
999 _c12613
_d12613
001 12613
003 BD-JhCC
005 20221017092252.0
008 221017s2022 bg |||| |||| 000 0 ban d
035 _a(BD-JhCC)12613
040 _aBD-JhCC
_dBD-JhCC
041 _aBangla
082 _a297.74
_bIBN 2022
100 _aইবনে ইউসুফ, এনামুল হক
245 _aরিফলেকশন :
_bবিবেকের দর্পণে হিদায়াতের প্রতিফলন /
_cএনামুল হক ইবনে ইউসুফ,
260 _aঢাকা :
_bআল ইখলাছ পাবলিকেশন,
_c২০২২
300 _a২৪৮ পৃ. :
_c২২ সেমি.
504 _aপ্রতি পৃষ্ঠায় গ্রন্থপঞ্জি অর্ন্তভূক্ত।
650 _aReligious Life--- Islam
650 _aDawah (islam)
942 _2ddc
_cBK